| 000 | 00553nam a22001817a 4500 | ||
|---|---|---|---|
| 005 | 20231101143708.0 | ||
| 008 | 231101b |||||||| |||| 00| 0 eng d | ||
| 020 | _a0702127493 | ||
| 041 | _aEnglish | ||
| 082 | _a346.7 GEN | ||
| 100 |
_aHavenga, P et al. _lEnglish |
||
| 245 |
_aGeneral Principles of Commercial Law _cP Havenga et al. |
||
| 250 | _aFirst Edition | ||
| 260 |
_aCape Town : _bJuta and Company Ltd, _c1992 |
||
| 300 |
_bvii, 229 pages ; _c25, 5 cm. |
||
| 650 |
_aLegal practice _bLaw |
||
| 942 |
_cBK _6ALISON_BN_VRIES |
||
| 999 |
_c232 _d232 |
||